LEADER 01722nas 2200541- 450 001 9910617322303321 005 20220504114434.0 011 $a2573-1602 035 $a(OCoLC)987555262 035 $a(CKB)4100000001484139 035 $a(CONSER)--2017200419 035 $a(EXLCZ)994100000001484139 100 $a20170519a20189999 o-- a 101 0 $aeng 135 $aur||||||||||| 181 $ctxt$2rdacontent 182 $cc$2rdamedia 183 $acr$2rdacarrier 200 04$aThe CRISPR Journal 210 1$a[New Rochelle, NY] :$cMary Ann Liebert, Inc.,$d[2018]- 215 $a1 online resource 300 $aRefereed/Peer-reviewed 311 $a2573-1599 531 0 $aCRISPR j. 531 10$aCRISPR J 606 $aCRISPR (Genetics)$xResearch$vPeriodicals 606 $aGenetics$xResearch$vPeriodicals 606 $aGenetics$xMoral and ethical aspects$vPeriodicals 606 $aGenetics$xMoral and ethical aspects$2fast$3(OCoLC)fst00940130 606 $aGenetics$xResearch$2fast$3(OCoLC)fst00940133 606 $aClustered Regularly Interspaced Short Palindromic Repeats 606 $aGene Editing 606 $aGenetic Research 608 $aPeriodicals.$2fast 608 $aPeriodical. 615 0$aCRISPR (Genetics)$xResearch 615 0$aGenetics$xResearch 615 0$aGenetics$xMoral and ethical aspects 615 7$aGenetics$xMoral and ethical aspects. 615 7$aGenetics$xResearch. 615 12$aClustered Regularly Interspaced Short Palindromic Repeats. 615 22$aGene Editing. 615 22$aGenetic Research. 676 $a576.5 906 $aJOURNAL 912 $a9910617322303321 996 $aThe CRISPR Journal$92953000 997 $aUNINA LEADER 01468nam 2200421 450 001 9910157808303321 005 20170425084247.0 010 $a0-7660-8349-7 035 $a(CKB)3710000001009439 035 $a(MiAaPQ)EBC5532585 035 $a(EXLCZ)993710000001009439 100 $a20181017d2017 uy 0 101 0 $aeng 135 $aurcnu|||||||| 181 $ctxt$2rdacontent 182 $cc$2rdamedia 183 $acr$2rdacarrier 200 10$aPresidents' day /$fMary Dodson Wade 210 1$aNew York, New York :$cEnslow Publishing,$d2017. 215 $a1 online resource (32 pages) $cillustrations 225 1 $aThe story of our holidays 311 $a0-7660-8348-9 320 $aIncludes bibliographical references (page 31) and index. 327 $aCelebrate the president -- Honoring our first president -- Washington's big plans -- The president who saved our country -- A parade of presidents -- Presidents' Day project -- Cooking on Presidents Day -- Words to know. 410 0$aStory of our holidays. 606 $aPresidents' Day$vJuvenile literature 606 $aPresidents$zUnited States$xHistory$vJuvenile literature 615 0$aPresidents' Day 615 0$aPresidents$xHistory 676 $a394.261 700 $aWade$b Mary Dodson$01247187 801 0$bMiAaPQ 801 1$bMiAaPQ 801 2$bMiAaPQ 906 $aBOOK 912 $a9910157808303321 996 $aPresidents' day$92891435 997 $aUNINA